000 00403nam a2200157Ia 4500
008 221030s9999 xx 000 0 und d
020 _a007044532X
041 _aEnglish
082 _a105.23
_bWhi
100 _aD. Whitleley
245 0 _aE - Commerce : Strategy Technologies & Applications
_cby D. Whitleley
260 _bTMH
_aNew Delhi
_c2003
300 _a259
650 _aBE Computer
942 _cBK
999 _c4501
_d4501